000
00327nam a22001457a 4500
003
OSt
020
_a
9780415686839
082
_a
330
_b
PET/SU
100
_a
Bartelmus peter
245
_a
Sustainability economics
250
_a
1
260
_a
London
_b
Routledge Tylor and Francis group
300
_a
147p.
942
_2
ddc
_c
BK
999
_c
178083
_d
178083